00583nam a2200193Ia 4500003000400000005001700004008004100021020002900062040001700091082001700108100001600125245007400141250001200215260003900227300002300266650002200289650005800311700002000369IIN20240209161453.0231217s9999 xx 000 0 und d cRs.500.00a9789351292494 aIINbEnglish a610.28 bBHO1 a Bhowmik, A10aA First Handbook of Medical Instruments /cA. Bhowmik & G. Chatterjee a 3rd ed aNew Delhi :bWolters Kluwer,c2021 aviii, [3] 4-382 p. aMedical Surgical  aMedical instruments and apparatusvSafety regulations1 aChatterjee, G.